|
|
|
|
| LEADER |
00000cam a2200000 4500 |
| 001 |
vtls011876522 |
| 003 |
SK-MaSNL |
| 005 |
20260302093500.0 |
| 008 |
200228s2019 xo ga c p 000 0 slo |
| 015 |
|
|
|a SNBA2019/10
|
| 020 |
|
|
|a 9788010033980
|q (brožované)
|
| 035 |
|
|
|a urn:nbn:sk:snk-am00deg8
|
| 035 |
|
|
|a urn:nbn:sk:snk-am3hzfr
|
| 035 |
|
|
|a 3FB53E42-1985-4E11-8A17-9153D6CC352A
|
| 040 |
|
|
|a SNK
|b slo
|c SNK
|e rda
|
| 041 |
0 |
|
|a slo
|
| 044 |
|
|
|a xo
|c SK
|
| 072 |
|
7 |
|a 78
|x Hudba
|2 konspekt
|
| 072 |
|
7 |
|a 37.016
|x Učebné osnovy. Vyučovacie predmety. Učebnice
|2 konspekt
|
| 080 |
|
|
|a 78:37.016
|2 2011
|
| 080 |
|
|
|a (075.2)
|2 2011
|
| 100 |
1 |
|
|a Žikavská, Mária1
|4 aut
|9 5994
|
| 245 |
1 |
0 |
|a Hudobná výchova
|b pre 8. ročník špeciálnych základných škôl
|c Mária Žikavská ; notografické práce Ivan Masarik
|
| 250 |
|
|
|a Tretie vydanie
|
| 264 |
|
1 |
|a Bratislava
|b Slovenské pedagogické nakladateľstvo
|b Mladé letá, s.r.o.
|c 2019
|
| 300 |
|
|
|a 63 strán
|b noty, ilustrácie
|c 21 cm
|
| 336 |
|
|
|a text
|b txt
|2 rdacontent
|
| 336 |
|
|
|a statický obraz
|b sti
|2 rdacontent
|
| 337 |
|
|
|a bez média
|b n
|2 rdamedia
|
| 338 |
|
|
|a zväzok
|b nc
|2 rdacarrier
|
| 500 |
|
|
|a Obsahuje zoznam piesní a skladieb na strane 60-61
|
| 500 |
|
|
|a Ilustrácie Katarína Smetanová
|
| 650 |
0 |
7 |
|a hudobná výchova
|2 SNKPH
|9 1662
|
| 650 |
0 |
7 |
|a Musical learning and teaching
|2 SNKPHeng
|9 275488
|
| 655 |
|
7 |
|a učebnice špeciálnych základných škôl
|2 SNKPH
|9 70204
|
| 655 |
|
7 |
|a Textbooks (special elementary)
|2 SNKPHeng
|9 306832
|
| 700 |
1 |
|
|a Smetanová, Katarína,
|d 1964-
|4 ill
|9 237103
|
| 700 |
1 |
|
|a Masarik, Ivan
|4 mcp
|9 306833
|
| 919 |
|
|
|a 978-80-10-03398-0
|
| 999 |
|
|
|c 1209106
|d 1211036
|
| 952 |
|
|
|a SNK
|b SNK
|y PREZ
|7 0
|p 17A1389378
|o snkSC 185910
|i snk2019/24471
|8 0
|0 0
|1 0
|4 0
|d 2019-09-30
|f 1
|l 0
|r 2026-02-24 23:07:56
|w 2026-02-24
|
| 952 |
|
|
|a SNK
|b SNK
|y VYP
|7 0
|p 17A1389379
|o snkSC 185910 D1
|i snk2019/24474
|8 0
|0 0
|1 0
|4 0
|d 2019-09-30
|l 0
|r 2026-02-24 23:07:56
|w 2026-02-24
|